000 01359cam a22003494a 4500
999 _c28550
_d28521
001 13495443
003 EG-ScBUE
005 20200810120803.0
008 040220t2004 nyua f b 001 0 eng d
020 _a354020458X (alk. paper)
020 _a9783540204589
040 _aDLC
_beng
_erda
_cDLC
_dDLC
_dEG-ScBUE
082 0 0 _a621.3
_bKAL
_222
100 1 _aKaltenbacher, Manfred,
_d1968-
_eauthor.
245 1 0 _aNumerical simulation of mechatronic sensors and actuators /
_cManfred Kaltenbacher.
264 1 _aNew York :
_bSpringer,
_c[2004]
264 4 _cc2004
300 _axv, 311 pages :
_billustrations ;
_c24 cm
336 _2rdacontent
_atext
_btxt
337 _2rdamedia
_aunmediated
_bn
338 _2rdacarrier
_avolume
_bnc
504 _aIncludes bibliographical references and index.
650 7 _aMicroelectromechanical systems.
_2BUEsh
650 7 _aMechatronics.
_2BUEsh
653 _bGGEN
_cJuly2020
655 _vReading book
_934232
856 4 2 _3Publisher description
_uhttp://www.loc.gov/catdir/enhancements/fy0812/2004045237-d.html
856 4 1 _3Table of contents only
_uhttp://www.loc.gov/catdir/enhancements/fy0812/2004045237-t.html
906 _a7
_bcbc
_corignew
_d1
_eocip
_f20
_gy-gencatlg
942 _2ddc
_cBB